[Event "4NCL 2007-8"]
[Site "Wokefield Park ENG"]
[Date "2008.01.13"]
[Round "6"]
[White "King,D"]
[Black "Muter,D"]
[Result "1-0"]
[WhiteElo "2510"]
[BlackElo "2232"]

1.e4 d6 2.d4 Nf6 3.Nc3 c6 4.Be3 e5 5.h3 Be7 6.g4 O-O 7.Bg2 Nfd7 8.Nf3 Qc7
9.a4 Re8 10.O-O Nf8 11.a5 Nbd7 12.Re1 Ng6 13.Qd2 Nh4 14.Nxh4 Bxh4 15.Red1 Be7
16.f4 exf4 17.Bxf4 Nf8 18.Qf2 Ng6 19.Bg3 Qd8 20.Rf1 Rf8 21.Nd1 d5 22.exd5 cxd5
23.Ne3 Be6 24.c4 dxc4 25.Bxb7 Qxd4 26.Nf5 Qc5 27.Bxa8 Rxa8 28.Qxc5 Bxc5+
29.Bf2 Bxf2+ 30.Kxf2 Rb8 31.Nd4 Bd5 32.Kg3 h6 33.Rf5 Be4 34.Rb5 Rd8 35.Rd1 f6
36.Rd2 Ne5 37.Nf3 Nd3 38.Ne1 Rc8 39.Nxd3 cxd3 40.Kf4 Bg6 41.Rb7 Ra8 42.a6  1-0

[Event "Open A"]
[Site "Prague CZE"]
[Date "2008.01.16"]
[Round "7"]
[White "Kratochvil,Ja"]
[Black "Zikmund,D"]
[Result "1/2-1/2"]
[WhiteElo "2073"]
[BlackElo "1990"]

1.e4 d6 2.d4 Nf6 3.Nc3 c6 4.f4 Qa5 5.Bd3 e5 6.Nf3 Bg4 7.Be3 Nbd7 8.O-O Be7
9.h3 Bxf3 10.Qxf3 O-O 11.g4 exd4 12.Bxd4 d5 13.g5 Bc5 14.Bxc5 Qxc5+ 15.Qf2 Nxe4
16.Nxe4 dxe4 17.Bxe4 Rad8 18.Rad1 Qxf2+ 19.Kxf2 Nc5 20.Bf3 Na4 21.Rfe1 Nc5
22.Re7 Rxd1 23.Bxd1 Rd8 24.Bf3 Kf8 25.Re2 Ne6  1/2-1/2

[Event "68th ch-ARM"]
[Site "Yerevan ARM"]
[Date "2008.01.17"]
[Round "9"]
[White "Petrosian,TL"]
[Black "Minasian,Art"]
[Result "1/2-1/2"]
[WhiteElo "2606"]
[BlackElo "2578"]

1.e4 d6 2.d4 Nf6 3.Nc3 e5 4.Nf3 Nbd7 5.Bc4 Be7 6.O-O O-O 7.Re1 c6 8.a4 b6
9.b3 a6 10.Bd3 Re8 11.Bb2 Bf8 12.Ne2 Bb7 13.Ng3 g6 14.Qd2 Bg7 15.Rad1 Qc7
16.Qc1 b5 17.c4 bxc4 18.Bxc4 Nb6 19.dxe5 dxe5 20.Bf1 a5 21.Qc2 Nfd7 22.Ba3 Bf8
23.Bxf8 Nxf8 24.Qc3 f6 25.Rd2 Red8 26.Red1 Rxd2 27.Nxd2 Kg7 28.Nc4 Nxc4 29.Bxc4 Rd8
30.Rc1 Qb6 31.h4 Bc8 32.h5 Ne6 33.Bf1 Nd4 34.Qe3 Be6 35.h6+ Kf7 36.Ne2 Qxb3
37.Nxd4 exd4 38.Qf4 Qb8 39.Qf3 Qd6 40.e5 Qxe5 41.Qxc6 d3 42.Rd1 d2 43.Qc2 Qf4
44.Bd3 Bf5 45.Qb3+ Kf8 46.Bxf5 Qxf5 47.Qc3 Qe6 48.Qxa5 Rd7 49.Qb4+ Kf7 50.Kf1 Qd5
51.Qb5 Qd4 52.Qb3+ Rd5 53.a5 g5 54.a6 Kg6 55.a7 Rf5 56.Qg8+ Kxh6 57.Qf8+ Kg6
58.Qg8+ Kh6 59.Qf8+ Kh5 60.Qe8+ Kh6 61.Qf8+ Kg6  1/2-1/2

[Event "Open"]
[Site "Marianske Lazne CZE"]
[Date "2008.01.20"]
[Round "2"]
[White "Turner,Ja"]
[Black "Christensen,He1"]
[Result "1-0"]
[WhiteElo "2347"]
[BlackElo "2094"]

1.e4 d6 2.d4 Nf6 3.Nc3 c6 4.f4 Qc7 5.Nf3 Bg4 6.h3 Bxf3 7.Qxf3 e6 8.Bd3 Nbd7
9.e5 Nd5 10.Nxd5 cxd5 11.O-O g6 12.Bd2 Qb6 13.Be3 Bg7 14.c4 dxc4 15.d5 Qb4
16.dxe6 fxe6 17.Qg4 Nf8 18.f5 exf5 19.Bxf5 Bxe5 20.Be6 h5 21.Bf7+ Kd8 22.Qe4 Rc8
23.Rac1 Rc7 24.Bxa7 Qa5 25.Be3 b5 26.a4 Nd7 27.axb5 Bxb2 28.Rxc4 Qxb5 29.Qa8+ Nb8
30.Rxc7 Kxc7 31.Qa7+ Kc6 32.Rd1 Be5 33.Rc1+  1-0

[Event "ch-CRO"]
[Site "Split CRO"]
[Date "2008.01.21"]
[Round "6"]
[White "Hulak,K"]
[Black "Jovanovic,Zo CRO"]
[Result "1-0"]
[WhiteElo "2552"]
[BlackElo "2525"]

1.d4 d6 2.e4 Nf6 3.Nc3 e5 4.Nf3 Nbd7 5.Bc4 Be7 6.O-O O-O 7.Re1 c6 8.a4 h6
9.b3 Re8 10.Bb2 Qc7 11.h3 Nf8 12.Bd3 Ng6 13.Ne2 Nh5 14.c4 Bf6 15.Qc2 Nhf4
16.Nxf4 Nxf4 17.Bf1 c5 18.d5 a5 19.Kh2 g5 20.Ng1 h5 21.g3 Ng6 22.Be2 h4 23.Qd1 Kg7
24.Bg4 Rh8 25.Bf5 Rh6 26.Bc1 Be7 27.Qg4 f6 28.Nf3 Qd8 29.Rg1 Qh8 30.Be3 b6
31.Rg2 Kf7 32.Rag1 Rb8 33.Be6+ Bxe6 34.Qxe6+ Ke8 35.gxh4 Nxh4 36.Nxh4 Rxh4
37.Bxg5 fxg5 38.Rxg5 Rxh3+ 39.Qxh3 Qxh3+ 40.Kxh3 Bxg5 41.Rxg5 Kf7 42.Rf5+ Ke7
43.Rh5 Rf8 44.Rh7+ Kd8 45.Kg3 Kc8 46.Rh4 Rg8+ 47.Rg4 Rh8 48.f4 exf4+ 49.Kxf4 Rf8+
50.Ke3 Rf1 51.Rg3 Kd7 52.Rf3 Re1+ 53.Kf4 Ke7 54.Rh3 Rf1+ 55.Ke3 Kd7 56.Rh7+ Kc8
57.Re7 Rb1 58.e5 Rxb3+ 59.Ke4 Rc3 60.Kf5 Rxc4 61.Ke6 dxe5 62.d6 Rxa4 63.Re8+ Kb7
64.d7 Rd4 65.d8=Q Rxd8 66.Rxd8 Kc6 67.Kxe5 Kb5 68.Rb8 a4 69.Ke4 Kc4 70.Rxb6 a3
71.Ra6 Kb3 72.Kd3 a2 73.Kd2 Kb2 74.Rb6+ Ka3 75.Kc2 a1=N+ 76.Kc3 Ka2 77.Rb2+ Ka3
78.Rb5 Ka2 79.Rxc5 Kb1 80.Rb5+ Kc1 81.Rb2  1-0

[Event "6th Gibtelecom Masters"]
[Site "Gibraltar ENG"]
[Date "2008.01.22"]
[Round "1"]
[White "Hebden,M"]
[Black "Klinova,M"]
[Result "1-0"]
[WhiteElo "2530"]
[BlackElo "2315"]

1.d4 d6 2.e4 Nf6 3.Nc3 e5 4.Nf3 Nbd7 5.Bc4 Be7 6.O-O O-O 7.Re1 c6 8.a4 b6
9.d5 cxd5 10.Nxd5 Bb7 11.b3 Rc8 12.Re2 Nc5 13.Nxf6+ Bxf6 14.Bd5 Qc7 15.Ba3 Rfd8
16.Bxc5 Bxd5 17.Bxb6 Qxb6 18.Qxd5 Rc5 19.Qd3 d5 20.exd5 Rcxd5 21.Qe4 h6 22.Rae1 a5
23.g3 Qc7 24.h4 Qc3 25.Re3 Qb2 26.Kg2 Rc5 27.c4 Rb8 28.Nh2 h5 29.Qf3 Rc7
30.Qxh5 Rxb3 31.Ng4 Rxe3 32.Nxf6+ gxf6 33.Qg4+ Kf8 34.Rxe3 Qc2 35.Re4 Qxa4
36.h5 Ke7 37.h6 Qc6 38.Kg1 Rc8 39.Qh4 a4 40.Rxe5+  1-0

[Event "IMB1"]
[Site "Marianske Lazne CZE"]
[Date "2008.01.22"]
[Round "4"]
[White "Vojta,T"]
[Black "Semcesen,D"]
[Result "1-0"]
[WhiteElo "2361"]
[BlackElo "2349"]

1.e4 d6 2.d4 Nf6 3.Nc3 Nbd7 4.f3 e5 5.d5 Be7 6.Be3 Nh5 7.Qd2 h6 8.O-O-O Bg5
9.Kb1 Nc5 10.Nge2 Bxe3 11.Qxe3 Qg5 12.Qf2 Bd7 13.g3 Qe7 14.h4 a5 15.g4 Nf6
16.Ng3 O-O-O 17.Qd2 b6 18.a3 a4 19.Nf5 Qf8 20.Na2 g6 21.Ne3 Kb7 22.Nb4 Ra8
23.Be2 Qe8 24.Rh2 Ng8 25.h5 g5 26.Qc3 Ne7 27.Bf1 Ra7 28.Rhd2 f6 29.Nc4 Bb5
30.Nc6 Bxc4 31.Bxc4 Nxc6 32.Bb5 Qf7 33.dxc6+ Kc8 34.Qb4 Kd8 35.Bc4 Qe7 36.Rd5 Ra5
37.Qxa5 bxa5 38.Rxc5 Ke8 39.Rxa5 Kf8 40.Rdd5 Qe8 41.Bb5 Qb8 42.Ra6  1-0

[Event "6th Gibtelecom Masters"]
[Site "Gibraltar ENG"]
[Date "2008.01.23"]
[Round "2"]
[White "Forsaa,E"]
[Black "Fairbairn,S"]
[Result "1-0"]
[WhiteElo "2285"]
[BlackElo "2086"]

1.e4 d6 2.d4 Nf6 3.Nc3 Nbd7 4.g4 h6 5.h3 e5 6.Nge2 Be7 7.Be3 c6 8.a4 a5 9.Bg2 Qc7
10.O-O O-O 11.f4 exf4 12.Nxf4 Nh7 13.Nce2 Ndf6 14.Qd2 Ng5 15.Ng3 Ne6 16.Nd3 d5
17.e5 Nh7 18.Nf5 Neg5 19.Nf4 Bxf5 20.gxf5 Qc8 21.Nh5 f6 22.e6 Bd6 23.h4 Qe8
24.Qe2 Nxe6 25.fxe6 Qxe6 26.Nxg7 Kxg7 27.Bxh6+ Kf7 28.Qh5+  1-0

[Event "Open"]
[Site "Marianske Lazne CZE"]
[Date "2008.01.23"]
[Round "6"]
[White "Wieczorek,O"]
[Black "Kuebler,M"]
[Result "1-0"]
[WhiteElo "2204"]
[BlackElo "2050"]

1.e4 d6 2.d4 Nf6 3.Nc3 e5 4.Nf3 exd4 5.Nxd4 Be7 6.Be2 O-O 7.O-O Re8 8.f4 Bf8
9.Bf3 c5 10.Nb3 Nc6 11.Kh1 a5 12.a4 Nb4 13.Be3 Be6 14.Qd2 Qb6 15.Bg1 Nxc2
16.Nxc5 dxc5 17.Qxc2 Rad8 18.Nb5 Bd7 19.Qc4 Be6 20.Qc3 Bd7 21.e5 Bxb5 22.axb5 Nd5
23.Qc4 Nc7 24.Rfc1 Qe6 25.Bxb7 Qg4 26.Bf3 Qe6 27.Bxc5 Rd2 28.Bxf8  1-0

[Event "6th ch-PriFO Men"]
[Site "Kazan RUS"]
[Date "2008.01.24"]
[Round "2"]
[White "Tukhvatullin,T"]
[Black "Zainutdinov,I"]
[Result "1-0"]
[WhiteElo "2248"]
[BlackElo "2089"]

1.e4 d6 2.d4 Nf6 3.Nc3 e5 4.dxe5 dxe5 5.Qxd8+ Kxd8 6.Bg5 Be6 7.O-O-O+ Nd7
8.f4 exf4 9.Bxf4 a6 10.Nf3 Kc8 11.Ng5 h6 12.Nxe6 fxe6 13.Bc4 e5 14.Bg3 c6
15.Be6 Kc7 16.Rhf1 Rd8 17.Bxd7 Nxd7 18.Rf7 Kc8 19.Ne2 g5 20.Ng1 Bc5 21.Nf3 Be3+
22.Kb1 Bf4 23.b4 Nb6 24.Rd3 Nc4 25.Bxf4 gxf4 26.Rg7 Rhg8 27.Rxd8+ Rxd8 28.Kc1 Rd6
29.h4 Re6 30.h5 Nd6 31.Nd2 Kd8 32.c4 b5 33.c5 Ne8 34.Rh7 Nc7 35.Kd1 Rf6 36.Nf3 Re6
37.Nh4 Rf6 38.Ng6 Ne6 39.Nxe5 Ng5 40.Rh8+ Kc7 41.Ng4 Re6 42.e5 f3 43.gxf3 Nxf3
44.Rxh6 Rxh6 45.Nxh6 Nxe5 46.Nf5 Nf7 47.h6 Kd7 48.h7 Ke6 49.Nd6 Nh8 50.Kd2 Ke7
51.Ke3 Kf8 52.Nc8 Kg7 53.Ne7 Kxh7 54.Nxc6 Kg7 55.Nb8 Kf6 56.Nxa6 Ke6 57.Nc7+ Kd7
58.Nxb5  1-0

[Event "ch-CRO"]
[Site "Split CRO"]
[Date "2008.01.24"]
[Round "8"]
[White "Palac,M"]
[Black "Jovanovic,Zo CRO"]
[Result "1/2-1/2"]
[WhiteElo "2575"]
[BlackElo "2525"]

1.e4 d6 2.d4 Nf6 3.Nc3 e5 4.Nf3 Nbd7 5.Bc4 Be7 6.O-O O-O 7.Re1 c6 8.a4 b6
9.Bg5 a6 10.Ba2 Bb7 11.dxe5 dxe5 12.Nh4 Nc5 13.Nf5 Bc8 14.Qf3 Bxf5 15.exf5 Qc7
16.Rad1 Rad8 17.Qe2 Rxd1 18.Rxd1 b5 19.Bxf6 Bxf6 20.b4 Nd7 21.Qd3 Rd8 22.Ne4 Be7
23.Qe2 Nf6 24.Rxd8+  1/2-1/2

[Event "IMB1"]
[Site "Marianske Lazne CZE"]
[Date "2008.01.25"]
[Round "8"]
[White "Krupa,M"]
[Black "Semcesen,D"]
[Result "1-0"]
[WhiteElo "2266"]
[BlackElo "2349"]

1.e4 d6 2.d4 Nf6 3.Nc3 Nbd7 4.Be3 e5 5.f3 c6 6.Qd2 Be7 7.O-O-O O-O 8.g4 b5
9.Nce2 Nb6 10.Ng3 exd4 11.Bxd4 c5 12.Be3 b4 13.g5 Ne8 14.h4 Be6 15.Kb1 Na4
16.Bb5 Nc3+ 17.bxc3 bxc3 18.Qxc3 Rb8 19.Ka1 Rxb5 20.N1e2 Bxa2 21.Kxa2 Qb6
22.Bc1  1-0

[Event "FINEC GMA"]
[Site "St Petersburg RUS"]
[Date "2008.01.25"]
[Round "2"]
[White "Lintchevski,D"]
[Black "Mihajlovskij,S"]
[Result "1-0"]
[WhiteElo "2440"]
[BlackElo "2466"]

1.e4 d6 2.d4 Nf6 3.Nc3 e5 4.Nf3 Nbd7 5.Bc4 Be7 6.O-O O-O 7.a4 c6 8.Ba2 b6
9.Qe2 Qc7 10.Rd1 a6 11.h3 Bb7 12.dxe5 Nxe5 13.Nd4 b5 14.Nf5 Rfe8 15.Bg5 b4
16.Nb1 Rad8 17.Nd2 h6 18.Bxh6 gxh6 19.f4 Bf8 20.fxe5 Rxe5 21.Qf3 d5 22.Qg3+ Kh8
23.Nc4 Rde8 24.Nxe5 Qxe5 25.Qxe5 Rxe5 26.Ng3 Rg5 27.Rf1 Bc5+ 28.Kh1 Bd4 29.Nf5 Bxb2
30.Rab1 Bc3 31.Nd6 Nxe4 32.Nxb7 Ng3+ 33.Kh2 Nxf1+ 34.Rxf1 Re5 35.Nd8 Re2
36.Nxc6 Rxc2 37.Bxd5 f6 38.Rd1 Kg7 39.Be4 Ra2 40.Rd7+ Kf8 41.Rd8+ Kg7 42.Rg8+ Kxg8
43.Bd5+ Kf8 44.Bxa2 Ke8 45.Be6  1-0

[Event "6th Gibtelecom Masters"]
[Site "Gibraltar ENG"]
[Date "2008.01.26"]
[Round "5"]
[White "Larsson,D"]
[Black "Kandic,Mila"]
[Result "0-1"]
[WhiteElo "2003"]
[BlackElo "2238"]

1.e4 d6 2.d4 Nf6 3.Nc3 e5 4.Nf3 Nbd7 5.Bc4 Be7 6.O-O O-O 7.Be3 c6 8.Bb3 Qc7
9.h3 b5 10.d5 b4 11.dxc6 bxc3 12.cxd7 Bxd7 13.bxc3 Qxc3 14.Qd3 Qb4 15.c4 a5
16.Bg5 Be6 17.Rfc1 Rfc8 18.Bxf6 Bxf6 19.Rab1 a4 20.Bd1 Qc5 21.Be2 g6 22.Rd1 Be7
23.Rbc1 Rc7 24.g4 Rac8 25.Rc3 Qa5 26.Rdc1 Rc6 27.Qc2 Rb6 28.Qd1 Rb2 29.R1c2 Rcb8
30.Qd2 a3 31.Rb3 Qxd2 32.Rxb8+ Rxb8 33.Nxd2 Rb2 34.Bd3 Rxc2 35.Bxc2 Bg5 36.Nb1 Bxc4
37.Nxa3 Bxa2 38.Nb5 Be7 39.Nc3 Be6 40.Nd5 Bd8 41.Nc3 Bc4 42.Nd5 Kg7 43.Kg2 f6
44.Kg3 Kf7 45.Ne3 Ba2 46.Ba4 Ke6 47.Bc6 Bb1 48.Bd5+ Ke7 49.Kf3 Bb6 50.Nc4 Bc5
51.Nd2 Bc2 52.Bb3 Bxb3 53.Nxb3 Bb4 54.Nc1 Ke6 55.Ne2 f5 56.gxf5+ gxf5 57.exf5+ Kxf5
58.Ng3+ Ke6 59.h4 d5 60.Ke3 Be7 61.f4 exf4+ 62.Kxf4 Bd6+ 63.Kf3 Bxg3 64.Kxg3 Kf5
65.Kh3 Kf4  0-1

[Event "43rd ch-CYP"]
[Site "Limassol CYP"]
[Date "2008.01.26"]
[Round "3"]
[White "Florentiades,M"]
[Black "Klerides,P"]
[Result "0-1"]
[WhiteElo "2080"]
[BlackElo "2199"]

1.e4 d6 2.d4 Nf6 3.Nc3 c6 4.f3 Nbd7 5.Bd3 e5 6.Nge2 Be7 7.Be3 O-O 8.Qd2 Qc7
9.Ng3 Re8 10.Nf5 Bf8 11.g4 exd4 12.Bxd4 Ne5 13.Be2 b5 14.O-O-O b4 15.Na4 c5
16.Be3 Bd7 17.b3 Bxa4 18.bxa4 Qa5 19.g5 Qxa4 20.Kb1 Nfd7 21.f4 Nc6 22.Nxd6 Bxd6
23.Qxd6 Rxe4 24.Bf3 Rc4 25.Qd3 Nb6 26.Qb3 Qb5 27.Be2 Na5 28.Bxc4 Naxc4 29.Bc1 Na4
30.Rd3 Na5 31.Qd5 Nc3+ 32.Rxc3 bxc3+ 33.Ka1 Rb8 34.Ba3 Nc4 35.Qxc5 Qb2+  0-1

[Event "6th Gibtelecom Masters"]
[Site "Gibraltar ENG"]
[Date "2008.01.27"]
[Round "6"]
[White "Al Sayed,Mohamad"]
[Black "Klinova,M"]
[Result "1/2-1/2"]
[WhiteElo "2486"]
[BlackElo "2315"]

1.d4 d6 2.e4 Nf6 3.Nc3 e5 4.dxe5 dxe5 5.Qxd8+ Kxd8 6.Bc4 Be6 7.Bxe6 fxe6
8.f3 Bd6 9.Be3 Ke7 10.Na4 b5 11.Nc5 Nbd7 12.Nxd7 Nxd7 13.Nh3 h6 14.Nf2 Bc5
15.Bxc5+ Nxc5 16.Ng4 Nd7 17.h4 a5 18.h5 Ra6 19.a4 b4 20.O-O-O Rd6 21.b3 Rd4
22.c3 bxc3 23.Kc2 c5 24.Rd3 c4 25.bxc4 Rc8 26.Nxe5 Rxd3 27.Ng6+ Kf6 28.Kxd3 Nc5+
29.Kxc3 Nxa4+ 30.Kb3 Nc5+ 31.Kc2 Na4 32.e5+ Kf7 33.Rh4 Ra8 34.Rf4+ Kg8 35.Rd4 Nc5
36.Kb2 a4 37.Ka2 Kf7 38.Rd6 a3 39.Nf4 Ra4 40.Rc6 Nb3 41.Ne2 Nd2 42.Rc7+ Ke8
43.c5 Nc4 44.Nd4 Nxe5 45.Nb5 Ra5 46.Nd6+ Kf8 47.c6 Rc5 48.Kxa3 Rxc6  1/2-1/2

[Event "6th ch-PriFO Men"]
[Site "Kazan RUS"]
[Date "2008.01.28"]
[Round "6"]
[White "Mullin,Z"]
[Black "Zainutdinov,I"]
[Result "1-0"]
[WhiteElo "2050"]
[BlackElo "2089"]

1.e4 d6 2.d4 Nf6 3.Nc3 e5 4.Nf3 Nbd7 5.Bc4 Be7 6.Ng5 O-O 7.Bxf7+ Rxf7 8.Ne6 Qe8
9.Nxc7 Qd8 10.Nxa8 b5 11.dxe5 Nxe5 12.Nd5 Ne8 13.Be3 Bb7 14.Nab6 axb6 15.Bxb6 Qb8
16.Bd4 Bxd5 17.exd5 Nf6 18.O-O Nc4 19.b3 Nb6 20.Bxb6 Qxb6 21.a4 Ne4 22.Qe1 Bf6
23.a5 Qc5 24.b4 Qxd5 25.Rd1 Qc4 26.f3 Bd4+ 27.Kh1 Qxf1+ 28.Qxf1 Nf2+ 29.Qxf2 Bxf2
30.Rxd6 Rc7 31.g3 Rb7 32.Kg2 Be1 33.Rd4 Rc7 34.Kf1 Bc3 35.Re4 Kf7 36.Ke2 Rc4
37.a6 Rxe4+ 38.fxe4 Bd4 39.Kd3 Bg1 40.c4 bxc4+ 41.Kxc4 Ke6 42.Kb5 Kd7 43.e5 Ke6
44.Kc6 Kxe5 45.b5 Ke4 46.b6 Kf3 47.a7 Kg2 48.a8=Q  1-0

[Event "6th ch-PriFO Men"]
[Site "Kazan RUS"]
[Date "2008.01.28"]
[Round "6"]
[White "Geller,J"]
[Black "Panchenko,AN"]
[Result "1-0"]
[WhiteElo "2511"]
[BlackElo "2273"]

1.e4 d6 2.d4 Nf6 3.Nc3 e5 4.Nf3 Nbd7 5.Bc4 Be7 6.O-O O-O 7.a4 c6 8.Re1 b6
9.Ba2 Rb8 10.h3 h6 11.d5 cxd5 12.Nxd5 Nxd5 13.Bxd5 Nf6 14.Bb3 Bb7 15.Qd3 d5
16.exd5 e4 17.Rxe4 Nxe4 18.Qxe4 Bf6 19.c3 Re8 20.Qd3 Qd7 21.Bf4 Rbd8 22.Rd1 a6
23.Rd2 b5 24.axb5 axb5 25.h4 Bc8 26.Bc2 g6 27.Bxh6 Qg4 28.Qxb5 Bxh4 29.Rd4 Bxf2+
30.Kxf2 Qh5 31.Bg5 Bd7 32.Qd3 Bf5 33.Qd2 Bg4 34.Bxd8 Bxf3 35.Rh4  1-0

[Event "6th Gibtelecom Masters"]
[Site "Gibraltar ENG"]
[Date "2008.01.29"]
[Round "8"]
[White "Haugstad,E"]
[Black "Kandic,Mila"]
[Result "0-1"]
[WhiteElo "2042"]
[BlackElo "2238"]

1.e4 d6 2.d4 Nf6 3.Nc3 e5 4.Nf3 Nbd7 5.Bc4 Be7 6.O-O O-O 7.h3 c6 8.a4 a5
9.Re1 Qc7 10.Be3 h6 11.Ba2 Re8 12.Nh4 Nf8 13.Qf3 Be6 14.Nf5 Bxa2 15.Rxa2 Ng6
16.Raa1 Nh7 17.Qg3 Bg5 18.Bxg5 Nxg5 19.dxe5 dxe5 20.h4 Ne6 21.h5 Ngf4 22.Nxh6+ Kh7
23.Ng4 Nxh5 24.Qh2 g6 25.Nf6+ Kg7 26.Nxe8+ Rxe8 27.Qh3 Nhf4 28.Qe3 Nd4 29.Rac1 Qe7
30.Ne2 Ndxe2+ 31.Rxe2 Qg5 32.Kf1 Qxg2+ 33.Ke1 Qg1+ 34.Kd2 Rd8+  0-1

[Event "6th ch-PriFO Men"]
[Site "Kazan RUS"]
[Date "2008.01.29"]
[Round "7"]
[White "Vasenev,S1"]
[Black "Pushkin,E"]
[Result "1/2-1/2"]
[WhiteElo "2328"]
[BlackElo "2185"]

1.e4 d6 2.d4 Nf6 3.Nc3 c6 4.f4 Qa5 5.Bd3 e5 6.Nf3 exd4 7.Nxd4 Qb6 8.Nb3 a5
9.a4 Na6 10.Qf3 Nb4 11.Nd2 d5 12.e5 Nd7 13.Na2 Nc5 14.Nxb4 axb4 15.b3 g6
16.Bb2 Nxd3+ 17.cxd3 Bc5 18.Ke2 Bd4 19.Bxd4 Qxd4 20.Qe3 Bg4+ 21.Kf2 Qxe3+
22.Kxe3 b6 23.h3 Bd7 24.g4 Ke7 25.Nf3 c5 26.f5 gxf5 27.g5 d4+ 28.Kf4 Bc6
29.Nh4 Bxh1 30.Nxf5+ Ke6 31.Rxh1 b5 32.axb5 Ra2 33.Ng7+ Kd5 34.Re1 Rf2+ 35.Kg4 h6
36.Nh5 hxg5 37.Nf6+ Ke6 38.Ne4 Rf4+ 39.Kxg5 Rxe4 40.Rxe4 Rxh3 41.b6 Rh8 42.Rh4 Rg8+
43.Kf4 Kd7 44.Rh7 Rf8 45.Ke4 Kc6 46.Rh6+ Kb7 47.Rf6 Rb8 48.Rxf7+ Kxb6 49.Rf6+ Kb5
50.Kd5 Rd8+ 51.Rd6 Rh8 52.Rd7 Rh3 53.Rc7 Rxd3 54.Rxc5+ Kb6 55.Rc4 Rxb3 56.Rc6+ Kb5
57.Rc5+ Kb6 58.Rc4  1/2-1/2

[Event "FINEC GMA"]
[Site "St Petersburg RUS"]
[Date "2008.01.29"]
[Round "6"]
[White "Lintchevski,D"]
[Black "Sjugirov,S"]
[Result "1/2-1/2"]
[WhiteElo "2440"]
[BlackElo "2491"]

1.e4 d6 2.d4 Nf6 3.Nc3 e5 4.Nf3 Nbd7 5.Bc4 Be7 6.O-O O-O 7.a4 a5 8.h3 c6
9.Ba2 exd4 10.Nxd4 Nc5 11.Qf3 Qb6 12.Rd1 Re8 13.Nb3 Nxb3 14.Bxb3 Be6 15.Be3 Qc7
16.Bxe6 fxe6 17.e5 dxe5 18.Ne4 Rad8 19.Nxf6+ Bxf6 20.Qe4 Rd5 21.c4 Rxd1+
22.Rxd1 Rd8  1/2-1/2

[Event "FINEC WGM"]
[Site "St Petersburg RUS"]
[Date "2008.02.01"]
[Round "9"]
[White "Kuzevanova,E"]
[Black "Kirillova,V"]
[Result "1/2-1/2"]
[WhiteElo "2167"]
[BlackElo "2271"]

1.e4 d6 2.d4 Nf6 3.Nc3 e5 4.Nf3 Nbd7 5.Bc4 Be7 6.O-O O-O 7.Re1 c6 8.a4 b6
9.d5 Bb7 10.dxc6 Bxc6 11.Nd5 Nxd5 12.Bxd5 Bxd5 13.Qxd5 Rc8 14.c3 Kh8 15.Qd3 Nc5
16.Qc2 Qd7 17.Be3 f5 18.Bxc5 bxc5 19.Rad1 Qe6 20.c4 Rb8 21.b3 fxe4 22.Rxe4 Qf5
23.Qe2 Qg6 24.Re3 Rb6 25.Nd2 Qc2 26.Kf1 h6 27.Ne4 Qxe2+ 28.Kxe2 Rfb8 29.Rdd3 Kg8  1/2-1/2

[Event "4th Open A"]
[Site "Moscow RUS"]
[Date "2008.02.02"]
[Round "1"]
[White "Kurilenko,V"]
[Black "Yatsenko,A"]
[Result "0-1"]
[WhiteElo "2129"]
[BlackElo "2442"]

1.e4 d6 2.d4 Nf6 3.Nc3 Nbd7 4.Bc4 e5 5.Nf3 Be7 6.dxe5 Nxe5 7.Nxe5 dxe5 8.Qxd8+ Bxd8
9.Be3 c6 10.a4 Be7 11.f3 Nd7 12.Rd1 Nc5 13.Kf2 Ne6 14.Rd2 b6 15.Rhd1 O-O
16.g3 Bb4 17.Rd3 Rb8 18.Na2 Be7 19.b4 a6 20.c3 b5 21.Bb3 bxa4 22.Bxa4 c5
23.Rb1 cxb4 24.cxb4 Nc5 25.Bxc5 Bxc5+ 26.Kg2 Bd4 27.Bb3 Bd7 28.Nc3 Rfc8 29.Nd5 Bb5
30.Rdd1 Kf8 31.Rbc1 h5 32.Rc7 Rxc7 33.Nxc7 Be2 34.Rd2 Rxb4 35.Rxe2 Rxb3 36.Nxa6 g5
37.h3 h4 38.gxh4 gxh4 39.Nc7 Ke7 40.Nd5+ Kd6 41.Ra2 f5 42.Ra6+ Kc5 43.Ra5+ Kc4
44.exf5 Rb2+ 45.Kh1 Rf2 46.f4 Bc5 47.Nc7 Bb6 48.Ra6 Bxc7 49.fxe5 Bxe5 50.Ra4+ Kd3
51.Rxh4 Rxf5 52.Ra4 Ke2 53.Ra2+ Kf1 54.Rd2 Bf4 55.Rb2 Rg5 56.Rb1+ Kf2 57.Rb2+ Kf3
58.Rb3+ Be3 59.Kh2 Rg2+ 60.Kh1 Re2 61.Rb1 Kg3  0-1

[Event "4th Open C Women"]
[Site "Moscow RUS"]
[Date "2008.02.02"]
[Round "1"]
[White "Volkova,E"]
[Black "Fominykh,M"]
[Result "0-1"]
[WhiteElo "1974"]
[BlackElo "2305"]

1.e4 d6 2.d4 Nf6 3.Nc3 e5 4.Nge2 c6 5.g3 g6 6.Bg2 Bg7 7.O-O O-O 8.h3 b5 9.a3 a6
10.Bg5 Qc7 11.Qd2 Re8 12.Rad1 a5 13.b4 axb4 14.axb4 Na6 15.f4 exd4 16.Nxd4 Nxb4
17.Ncxb5 cxb5 18.Qxb4 Nxe4 19.Nxb5 Qb6+ 20.Kh2 Bb7 21.Bh4 Nc3 22.Bxb7 Qxb7  0-1

[Event "FISS Int"]
[Site "San Cristobal VEN"]
[Date "2008.02.02"]
[Round "6"]
[White "Sequera,J"]
[Black "Gallegos,Ca"]
[Result "1-0"]
[WhiteElo "2427"]
[BlackElo "2430"]

1.e4 d6 2.d4 Nf6 3.Nc3 c6 4.a4 g6 5.Bc4 d5 6.exd5 cxd5 7.Bb5+ Nc6 8.Nf3 Bg4
9.h3 Bxf3 10.Qxf3 a6 11.Bxc6+ bxc6 12.O-O Bg7 13.Bf4 Nd7 14.Rad1 O-O 15.Rfe1 Re8
16.b3 e6 17.Ne2 Qe7 18.Qg3 f6 19.Bd6 Qf7 20.f4 f5 21.b4 Nf6 22.Nc3 Bf8 23.Bxf8 Qxf8
24.Rb1 Rab8 25.Na2 Ne4 26.Qe3 Qd6 27.a5 Re7 28.c3 g5 29.Rf1 Rg7 30.Rb2 g4
31.hxg4 Rxg4 32.Nc1 Rg3 33.Rf3 Rxf3 34.gxf3 Nf6 35.Nd3 Nd7 36.Kf1 Kh8 37.Nc5 Rg8
38.Nxa6 Qe7 39.Rg2 Qh4 40.Rxg8+ Kxg8 41.Qxe6+ Kf8 42.Qxf5+ Nf6 43.Kg2 Kf7
44.Nc5 Qe1 45.Nd3 Qxc3 46.a6 Qd2+ 47.Kg3 Qe3 48.Ne5+ Ke7 49.Qxf6+  1-0

[Event "4th Open C Women"]
[Site "Moscow RUS"]
[Date "2008.02.03"]
[Round "2"]
[White "Niks,Y"]
[Black "Ivanova,D"]
[Result "0-1"]
[WhiteElo "1865"]
[BlackElo "2104"]

1.e4 d6 2.d4 Nf6 3.Nc3 Nbd7 4.Nf3 e5 5.Bg5 Be7 6.Bc4 O-O 7.O-O c6 8.dxe5 dxe5
9.a4 Qc7 10.Nh4 Nc5 11.Re1 Bg4 12.Qd2 Rad8 13.Qe3 Rd4 14.Bxf6 Bxf6 15.Qg3 Qe7
16.Qxg4 Bxh4 17.b3 Kh8 18.Qh3 Bg5 19.Red1 Rfd8 20.f3 Bd2 21.Rxd2 Rxd2 22.Rc1 Qg5
23.Kh1 Qe3 24.Nd5 R2xd5 25.Rf1 Rd1 26.Qh4 Rxf1+ 27.Bxf1 Ne6 28.h3 Rd1 29.Qe7 Rxf1+
30.Kh2 Qf4+ 31.g3 Qd2+  0-1

[Event "4th Open C Women"]
[Site "Moscow RUS"]
[Date "2008.02.03"]
[Round "2"]
[White "Girya,O"]
[Black "Drozdova,D"]
[Result "1-0"]
[WhiteElo "2342"]
[BlackElo "2149"]

1.e4 Nf6 2.d4 d6 3.Nc3 e5 4.Nf3 Nbd7 5.g4 Nxg4 6.Rg1 Ngf6 7.Bc4 h6 8.dxe5 dxe5
9.Be3 c6 10.Qd3 Qe7 11.O-O-O g5 12.Kb1 Bg7 13.Nh4 Bf8 14.Nf5 Qd8 15.h4 g4
16.Bxf7+ Kxf7 17.Qc4+ Kg6 18.h5+ Nxh5 19.Rxg4+ Kf6 20.Nxh6 Qe8 21.Ng8+ Rxg8
22.Rxg8 Ng7 23.Rg1 Qh5 24.Bg5+ Kg6 25.Be7+ Kh7 26.Bxf8 Ne8 27.Rh8+  1-0

[Event "4th Open A"]
[Site "Moscow RUS"]
[Date "2008.02.04"]
[Round "3"]
[White "Reutsky,S"]
[Black "Kalugin,Sergey"]
[Result "0-1"]
[WhiteElo "2311"]
[BlackElo "2377"]

1.e4 d6 2.d4 Nf6 3.Nc3 e5 4.dxe5 dxe5 5.Qxd8+ Kxd8 6.Bg5 c6 7.Bc4 Ke8 8.O-O-O Nbd7
9.Nf3 Bb4 10.Bd2 h6 11.Rhe1 g6 12.h3 Kf8 13.g4 Kg7 14.g5 hxg5 15.Nxg5 Rf8
16.f4 b5 17.Bb3 exf4 18.e5 Nh5 19.e6 Nc5 20.exf7 Nxb3+ 21.axb3 Kh6 22.Re8 Bb7
23.Rxf8 Rxf8 24.Nce4 Be7 25.h4 c5 26.Nf2 Bxg5 27.hxg5+ Kxg5 28.Rg1+ Kf5 29.Ng4 g5
30.b4 Ng3  0-1

[Event "4th Open A"]
[Site "Moscow RUS"]
[Date "2008.02.05"]
[Round "4"]
[White "Ivanov,Vic"]
[Black "Kalugin,Sergey"]
[Result "1-0"]
[WhiteElo "2495"]
[BlackElo "2377"]

1.e4 d6 2.d4 Nf6 3.Nc3 e5 4.Nf3 Nbd7 5.g4 Nxg4 6.Rg1 exd4 7.Nxd4 Ngf6 8.Be3 Nc5
9.Qe2 Qe7 10.O-O-O c6 11.Bg2 Bd7 12.Bf4 g6 13.Bf3 O-O-O 14.Qe3 Re8 15.Nb3 Nfxe4
16.Nxe4 Nxe4 17.Qxa7 Qf6 18.Be3 c5 19.Bxe4 Rxe4 20.Bg5 Bh6 21.Bxh6 Ra4 22.Na5 Bc6
23.Bg5 Qe5 24.Nxc6  1-0

[Event "4th Open C Women"]
[Site "Moscow RUS"]
[Date "2008.02.05"]
[Round "4"]
[White "Fatalibekova,E"]
[Black "Drozdova,D"]
[Result "1-0"]
[WhiteElo "2293"]
[BlackElo "2149"]

1.e4 d6 2.d4 Nf6 3.Nc3 e5 4.dxe5 dxe5 5.Qxd8+ Kxd8 6.Bc4 Be6 7.Bxe6 fxe6
8.f3 Nc6 9.Be3 Bd6 10.O-O-O Ke7 11.Nge2 h6 12.h4 Nh5 13.Nb5 b6 14.c4 Rac8
15.Nec3 Bb4 16.Ne2 a6 17.Nbc3 Na5 18.b3 Bxc3 19.Nxc3 Rcd8 20.Ne2 Nf6 21.Kb2 c5
22.Nc3 Nc6 23.Na4 Rb8 24.Nxb6 Nd4 25.Na4 Rbc8 26.Rd3 Ne8 27.Bxd4 exd4 28.e5 g6
29.h5 g5 30.g4 Kf8 31.f4 gxf4 32.Rf1  1-0

[Event "4th Open A"]
[Site "Moscow RUS"]
[Date "2008.02.05"]
[Round "4"]
[White "Bukavshin,I"]
[Black "Sjugirov,S"]
[Result "0-1"]
[WhiteElo "2255"]
[BlackElo "2491"]

1.e4 d6 2.d4 Nf6 3.Nc3 e5 4.Nf3 Nbd7 5.Bc4 Be7 6.O-O O-O 7.Re1 a6 8.a4 b6
9.b3 Bb7 10.Bb2 c6 11.Bd3 Qc7 12.Ne2 Rfe8 13.Ng3 g6 14.Qd2 Bf8 15.Rad1 b5
16.axb5 axb5 17.Ra1 Bg7 18.Rxa8 Rxa8 19.dxe5 Nxe5 20.Nxe5 dxe5 21.Qc3 Qb6
22.h3 Nd7 23.Ne2 Nc5 24.Bc1 Ne6 25.Be3 Qd8 26.Ra1 h5 27.b4 Qb8 28.Nc1 Rxa1
29.Qxa1 Bf8 30.Qc3 Qd6 31.Bd2 c5 32.bxc5 Nxc5 33.f3 Na4 34.Qa1 Bc6 35.Nb3 Nc5
36.Nxc5 Qxc5+ 37.Kf1 b4 38.Qa6 Bd7 39.Qc4 Qa5 40.Qa6 Qc5 41.Qc4 Qb6 42.Qd5 Qc7
43.Qc4 Qb8 44.Qb3 Qd6 45.Be1 Qd4 46.Qc4 Qa1 47.Qa6 Qd1 48.Qa7 b3 49.cxb3 Qxd3+
50.Kg1 Qd1 51.Qa5 Be6 52.Kh2 Bg7 53.Bc3 Qxb3 54.Bxe5 Bxe5+ 55.Qxe5 Qc2 56.Kg3 Qd2
57.Kh2 Bc4 58.Qb8+ Kh7 59.Qc7 Qa2 60.Kg1 Be6 61.Kh2 Qb2 62.Kg1 Qf6 63.Kh2 g5
64.h4 Qf4+ 65.Qxf4 gxf4 66.g3 fxg3+ 67.Kxg3 Kg6 68.Kf4 Kf6 69.Ke3 Ke5 70.f4+ Kd6
71.Kd4 Ba2 72.Ke3 Kc5 73.Kd3 Bb1+ 74.Ke3 f6 75.f5 Bc2 76.Kf4 Kd4 77.e5 fxe5+
78.Kg5 e4 79.f6 Bb3  0-1